000 00346nam a22001457a 4500
020 _a9780470404140
082 _a005.133 HOR
100 _a Horton, Ivor
245 _a Beginning Java
250 _a7th ed.
260 _aUSA
_bJohn Wiley
_c2011
300 _axxvii, 1117p. :
_e27 cm
650 _aJava (Computer program language)
942 _cBK
999 _c12824
_d12824